000 00888nam a22001577a 4500
080 _a341.322 M 366
245 _aEl Terrorismo y el derecho Humanitario Internacional, una Dicotomia juridica
300 _a191 P.
500 _aDirector de tesis: Dra. Villanueva, Ana
502 _aTesis ()--Universidad Fasta: Facultad de Ciencias Juridicas. Setiembre 2006.
504 _aTiene referencias bibliograficas. P. 192
650 _2IEDCYT
_aderecho internacional publico
_aterrorismo
_aderecho humanitario internacional
_aprisionero de guerra
_aguerra de agresion
_aderecho internacional humanitario
_atoma de rehenes
_aCICR
_aderecho internacional de conflictos armados
_a11 septiembre
_aatentados terroristas
_aCorte Penal internacional
_acrimenes de guerra
_atrato de prisioneros
_xGuantanamo
700 _4aut
_aMartines Souto, Guillermo
_eRusso, Leandro
945 _acd
_d2026-03-26
999 _c5559
_d236063